Anketa ; Aut. Béla Bugár, Igor Cibula, Robert Fico, Ladislav Pittner, Peter Tóth

Bibliographic Details
Main Authors: Bugár, Béla, 1958- (Author), Cibula, Igor (Author), Fico, Robert, 1964- (Author), Pittner, Ladislav, 1934-2008 (Author), Tóth, Peter, 1971- (Author)
Format: Article
Language:Slovak
ISSN:1335-2342
Subjects:

MARC

LEADER 00000nab a2200000 a 4500
001 vtls000645333
003 SK-MaSNL
005 20260426094722.0
008 160401c1997 xo 0 slo
015 |a SNBRB19rr/mm-uuuuu 
035 |a CL0645472 
040 |a SNKBUCL  |b slo  |c SNKBUCL  |e AACR2 
041 0 |a slo 
044 |a xo  |c SK 
080 |a 340(437.6)  |2 1981 
245 0 0 |a Anketa ; Aut. Béla Bugár, Igor Cibula, Robert Fico, Ladislav Pittner, Peter Tóth 
650 0 7 |a právne princípy  |2 snkbucl  |9 84225 
651 7 |a Slovensko  |2 snkbucl  |9 14231 
655 7 |a články z novín a časopisov  |2 snkbucl  |9 267496 
700 1 |a Bugár, Béla,  |d 1958-  |4 aut  |9 103270 
700 1 |a Cibula, Igor  |4 aut  |9 480499 
700 1 |a Fico, Robert,  |d 1964-  |4 aut  |9 13683 
700 1 |a Pittner, Ladislav,  |d 1934-2008  |4 aut 
700 1 |a Tóth, Peter,  |d 1971-  |4 aut  |9 110516 
773 0 |x 1335-2342  |t Dilema  |g Č. október (1997), s. 57-60 
850 |a Slovenská národná knižnica v Martine  |a MTA001 
852 |a SNK  |b KIS3GCP 
958 |a SK 
958 |a RK 
999 |c 3145083  |d 3147013